000 00676nam a22002177a 4500
003 UA-OsUOA
001 106358
007 ta
008 20140513b un ||||| |||| 00| 0 ukr d
100 _aЯнковський С.
090 _a101
_bЯ62
942 _cSA
040 _aUA-OsUOA
_bukr
_cUA-OsUOA
_dUA-OsUOA
245 _aСоціально-культурні світи за доби глобалізації: українська візія світотворення
300 _aС.62-67
955 _a0
041 _aukr
080 _a101
773 0 _w106349
_tМандрівець
_dТернопіль
_d2014
_g1
650 7 _a1 Філософські науки
_2UDC
999 _c392518
_d392518